000 00539nam a2200217Ia 4500
003 OSt
005 20220928144752.0
006 a|||||r|||| 00| 0
007 ta
008 220927b |||||||| |||| 00| 0 eng d
024 _a76013
037 _cTextual
040 _aSDCL
_cSDCL
_beng
041 _2eng
_aeng
082 _aX:51:f, P4
100 _aChakrapani Chuck
_9509652
245 0 _aStatistics in market research.
260 _c2004
942 _hX:51:f, P4
_cTEXL
_2CC
999 _c829629
_d829629